00937nam a2200265 a 4500008004100000020003200041040002500073041001300098080002800111080002100139080002200160080001100182245013500193250001300328260004900341300002800390500004400418700003000462700002500492700002400517044001100541958000600552999001700558952009600575951213s1984||||[C 0 slo c c75 Kčs. q(10000 výtl.) aSNKbslocSNKeAACR21 aslohslo a943.76:323.26"1944/1945 a323.26"1944/1945 a323.26"1944/1945" a943.7610aDejiny Slovenského národného povstania 1944. 4. zvbSpomienky a kroniky ; Marta Vartíková, Milan Veselý, Viliam Plevza a1., vyd. aBratislavabPravdac1984eBratislavafPravda a799 s., 86,22 AHc27 cm aRozlož. tit. list. Men. a miest. reg.1 aVartíková, Marta4com1 aVeselý, Milan4bkd1 aPlevza, Viliam4oth axocSK aA c19281d19281 001040708Ka10000b10000d2019-11-29g75.00i17819oI 1476r2019-11-29w2019-11-29yOLDO